000 00498nam a2200169 i 4500
001 69978
003 ES-MaACL
005 20231227184716.0
007 t|
008 040714s1936 sp ||||1| spa d
100 1 _aGarcía Martí, Victoriano,
_d1881-1966
_954896
245 1 0 _aA través de la vida
_b: (cuentos) /
_cVictoriano García Martí.
260 _aMadrid :
_bAgencia General de Librería,
_c1936.
300 _a180 p. ;
_c19 cm.
852 _aES-MaACL
_jA-4657
999 _c69978
_d69978